000 00284nam a2200133Ia 4500
100 _aBabbit/ R.O. ed.
942 _cRB
654 _aRubber handbook
245 _aRubber handbook
260 _bVanderbilt co.
_aNorwalk
_c1978
082 _a678.4
300 _a871
546 _aENGLISH
999 _c34097
_d34097